Responses for Show #1581 - Monday, June 17, 1991

Game entered from audiorecording.

Contestants

[<< previous game]

Brad Colgate, a college health physician from Grove City, Ohio

Jessie Hill, a tour guide originally from Washington, D.C.

Jonathan Heller, an archivist from Washington, D.C. (whose 1-day cash winnings total $13,300)

[next game >>]

Jeopardy! Round responses

USA
TEXTILES
RELIGION
THE EMMYS
HISTORIC NICKNAMES
ANAGRAMS
    $100 9
off-off-Broadway

Jonathan
    $100 5
Calico

Brad
    $100 14
Muhammad

Jessie
    $100 3
John Glenn

Brad
    $100 1
JFK

Brad
    $100 2
a pool (from polo)

Jonathan
    $200 10
a gun (revolver)

Jonathan
    $200 19
terrycloth

Jessie
    $200 15
the Last Supper

Brad
    $200 27
Phil Donahue

Jonathan
    $200 23
Teddy

Brad
    $200 4
(Brad: What is...)

Hamlet (from Thelma)

JessieBrad
    $300 11
(Jessie: What is orca? Or [*]?)
(Alex: [Grumbles] All right.)
(Jessie: [*] the orca.)

Shamu

Jessie
    $300 20
Scotland

Jessie
    $300 16
(Jonathan: What is French?)

English

Jonathan
Triple Stumper
    $300 28
(Jonathan: What is Masterpiece Theater?)
(Alex: Be more specific?)
(Jonathan: Uh, what is The Forsyte Saga?)

Upstairs, Downstairs

JonathanJessie
    $1,000 24
(Alex: We have a minute to go.)

the Supreme Court

Brad
    $300 6
foal (from Olaf)

Brad
    $400 12
(American) buffalo (bison)

Brad
    $400 21
herringbone

Brad
    $400 17
the Lord's name

Jessie
    $400 29
Murphy Brown

Jonathan
    $400 25
William Jennings Bryan

Jonathan
    $400 7
a ruby (from bury)

Brad
    $500 13
(Jonathan: Who is Mr. Bristol?)

(Herbert) Dow

Jonathan
Triple Stumper
    $500 22
burlap

Jessie
    $500 18
Idaho

Jonathan
    $500 30
Judith Light

Triple Stumper
    $500 26
Henry Clay

Brad
    $500 8
treacle (from Electra)

Jonathan

Scores at the first commercial break (after clue 13):

Jonathan Jessie Brad
$400 $500 $1,200

Scores at the end of the Jeopardy! Round:

Jonathan Jessie Brad
$1,300 $2,300 $3,500

Double Jeopardy! Round responses

NAME THE AUTHOR
FOREIGN WORDS & PHRASES
THE VIETNAM WAR
COMPOSERS
THE BIRDS
THE BEES
    $200 11
Stephen King

Jonathan
    $200 6
karate

Brad
    $200 12
dominoes

Jessie
    $200 1
(Maurice) Ravel

Jonathan
    $200 13
the ostrich

Brad
    $200 24
the bumblebee

Brad
    $400 14
Agatha Christie

Jonathan
    $400 7
(Jessie: What is denim?)

dungarees

Jessie
Triple Stumper
    $400 15
Paris

Jonathan
    $400 2
(Johann Sebastian) Bach

Jessie
    $400 20
[Jessie gives both responses]

the bill or the beak

Jessie
    $400 27
a beeline

Jonathan
    $600 19
Garrison Keillor

Jonathan
    $600 8
do not touch

Brad
    $600 16
Agent Orange

Jonathan
    $600 3
(Edvard) Grieg

Brad
    $600 21
(John) Audubon

Brad
    $600 28
workers

Jessie
    $800 22
Sidney Sheldon

Triple Stumper
    $800 9
bric-à-brac

Brad
    $800 17
Westmoreland

Brad
    $800 4
(Jonathan: Who is Benjamin Britten?)
(Brad: Who is Elgar?)

Aaron Copland

JonathanJessieBrad
    $800 25
(Jessie: What is a budgierian?)

a budgerigar

Jessie
Triple Stumper
    $800 29
beeswax

Jessie
    $1000 23
Erich von Däniken

Jonathan
    $1000 10
Donner & Blitzen

Brad
    $1000 18
David Rabe

Jonathan
    $2,000 5
Tchaikovsky

Jessie
    $1,700 26
(Alex: We have less than a minute to get the last four clues in.)

bird of paradise

Brad
    $1000 30
nectar & pollen

Jessie

Scores at the end of the Double Jeopardy! Round:

Jonathan Jessie Brad
$5,300 $7,300 $9,400

[wagering suggestions for these scores]

Final Jeopardy! Round responses

WORLD LEADERS
(Alex: [To Jessie] Looks like Vegas. Who is it?)
(Jessie: Well, it's not [*].)
[Laughter]
(Alex: Thank you very much for being honest on that one.)
JonathanWho is Perez de Cuellar?
$5,200
JessieWho is
$7,200
BradWho is Perez de Cuellar?
$5,201
(Javier) Pérez de Cuéllar

Final scores:

Jonathan Jessie Brad
$10,500 $100 $14,601
2nd place: trip on Delta to stay at Westin Resort on Hilton Head Island 3rd place: Sentry safe & Nintendo Entertainment System with Wheel of Fortune, Jeopardy! & Fisher Price preschool + Wheel of Fortune for Game Boy New champion: $14,601

Game dynamics:

Coryat scores:

Jonathan Jessie Brad
$5,300 $6,300 $8,000
17 R,
4 W
16 R
(including 1 DD),
2 W
21 R
(including 2 DDs),
2 W

Combined Coryat: $19,600

[game clues] [game scores] [suggest correction]

Game tape date: 1991-03-13
The J! Archive is created by fans, for fans. Scraping, republication, monetization, and malicious use prohibited; this site may use cookies and collect identifying information. See terms. The Jeopardy! game show and all elements thereof, including but not limited to copyright and trademark thereto, are the property of Jeopardy Productions, Inc. and are protected under law. This website is not affiliated with, sponsored by, or operated by Jeopardy Productions, Inc. Join the discussion at JBoard.tv.